000 01237nam a22004337a 4500
001 BR8305799
003 BR-BrBNA
005 20230928091813.0
007 ta
008 230509b bl.||||| |||| 00| 0 por d
040 _aBR-BrBNA
_bpor
_cBiblioteca Nacional de Agricultura
041 _a(Por)
072 _aE70; E16; E10
_b/G514
090 _ E70 BR8305799
110 1 _aSecretaria da Industria, Comercio e Turismo, Salvador, BA (Brasil)
_98564
245 1 _aComercializacao de alimentos no Nordeste [estatistica comercial, Brasil]
260 3 _aSalvador, BA (Brasil):
_c1983.
300 _a163 p.
500 _a46 tables
650 _aDESENVOLVIMENTO COMERCIAL
650 _aPOLITICA COMERCIAL
650 _aABASTECIMENTO
650 _aCONSUMO ALIMENTAR
650 _aMERCADO ATACADISTA
650 _aMERCADO VAREJISTA
650 _aMERCADO PRODUTOR
650 _aRENDA PER CAPITA
650 _aCUSTO
650 _aVENDA
650 _aOFERTA
650 _aDEMANDA
650 _aINDUSTRIA ALIMENTICIA
650 _aESTATISTICA COMERCIAL
650 _aDESENVOLVIMENTO ECONOMICO
650 _aBALANÇA COMERCIAL
650 _aREGIAO NORDESTE
909 _a202309
_bLucia
_c55
_dLucia Elande
942 _cBK
999 _c35609
_d35609